Convención de las Naciones Unidas sobre el Derecho del Mar

Guardado en:
Bibliografiske detaljer
Institution som forfatter: Naciones Unidas
Format: Ukendt
Udgivet: [Nueva York] :
Fag:
Tags: Tilføj Tag
Ingen Tags, Vær først til at tagge denne postø!

MARC

LEADER 00000 a2200000 04500
001 14165
003
008 991231s d
040
090 |a 021002  
110 |a Naciones Unidas  
245 |a Convención de las Naciones Unidas sobre el Derecho del Mar  
260 |a [Nueva York] :  
650 |a DERECHO DEL MAR  
999 |c 13122  |d 13122